Գիտելիքների հանրագիտարան : (Record no. 395622)
[ view plain ]
| 000 -LEADER | |
|---|---|
| fixed length control field | 01937nam a2200325 a 4500 |
| 003 - CONTROL NUMBER IDENTIFIER | |
| control field | AM-YeHGA |
| 005 - DATE AND TIME OF LATEST TRANSACTION | |
| control field | 20250618074755.0 |
| 007 - PHYSICAL DESCRIPTION FIXED FIELD--GENERAL INFORMATION | |
| fixed length control field | ta |
| 008 - FIXED-LENGTH DATA ELEMENTS--GENERAL INFORMATION | |
| fixed length control field | 171102s2017 ai o|||gr|||||000|||arm|| |
| 020 ## - INTERNATIONAL STANDARD BOOK NUMBER | |
| International Standard Book Number | 9789939661803 |
| 040 ## - CATALOGING SOURCE | |
| Original cataloging agency | AM-YeHGA |
| 041 1# - LANGUAGE CODE | |
| Language code of text/sound track or separate title | arm |
| Language code of original | eng |
| 090 ## - LOCALLY ASSIGNED LC-TYPE CALL NUMBER (OCLC); LOCAL CALL NUMBER (RLIN) | |
| -- | 397670 |
| 245 00 - TITLE STATEMENT | |
| Title | Գիտելիքների հանրագիտարան : |
| Remainder of title | Կենդանիներ:Կենդանիների թագավորություն, որ նախկինում չես տեսել / |
| Statement of responsibility, etc. | Տեքստը՝ Ջ. Վուդվարդի ; Նկարազարդողներ՝ A. Beckett, A. Benton, P. Bull և այլք ; Անգլերենից թարգմանությունը՝ Շ. Ալեքսանյան ; Գրական խմբագիր՝ Հ. Այվազյան ; |
| 260 ## - PUBLICATION, DISTRIBUTION, ETC. | |
| Place of publication, distribution, etc. | Երևան : |
| Name of publisher, distributor, etc. | «Բուկինիստ» հրատարակչություն, |
| Date of publication, distribution, etc. | 2018. |
| 300 ## - PHYSICAL DESCRIPTION | |
| Extent | 288 էջ : |
| Other physical details | գունավոր լուսանկարներ ; |
| Dimensions | 31 սմ. |
| 500 ## - GENERAL NOTE | |
| General note | Առաջին անգամ հրատարակվել է Մեծ Բրիտանիայում 2017 թվականին Dorling Kindersley Limited ընկերության կողմից: Տվյալ գրքի CIP կատալոգը հասանելի է բրիտանական գրադարանում: |
| 504 ## - BIBLIOGRAPHY, ETC. NOTE | |
| Bibliography, etc. note | Բացատրական բառարան էջ՝ 282-283: |
| 504 ## - BIBLIOGRAPHY, ETC. NOTE | |
| Bibliography, etc. note | Անվանացանկ էջ՝ 284-287: |
| 650 14 - SUBJECT ADDED ENTRY--TOPICAL TERM | |
| Topical term or geographic name entry element | Հանրագիտարաններ |
| 650 14 - SUBJECT ADDED ENTRY--TOPICAL TERM | |
| Topical term or geographic name entry element | Կենդանիներ |
| Form subdivision | Հանրագիտարաններ |
| 650 14 - SUBJECT ADDED ENTRY--TOPICAL TERM | |
| Topical term or geographic name entry element | Կենդանիներ |
| Form subdivision | Գիտա-հանրամատչելի գրականություն |
| 700 1# - ADDED ENTRY--PERSONAL NAME | |
| Personal name | Վուդվարդ, Ջոն |
| Relator term | տեքստ |
| Relationship | text |
| 700 1# - ADDED ENTRY--PERSONAL NAME | |
| Personal name | Beckett, Andrew |
| Relator term | նկարազարդող |
| Relationship | ill |
| 700 1# - ADDED ENTRY--PERSONAL NAME | |
| Personal name | Benton, Adam |
| Relator term | նկարազարդող |
| Relationship | ill |
| 700 1# - ADDED ENTRY--PERSONAL NAME | |
| Personal name | Bull, Peter |
| Relator term | նկարազարդող |
| Relationship | ill |
| 700 1# - ADDED ENTRY--PERSONAL NAME | |
| Personal name | Ալեքսանյան, Շուշաննա |
| Relator term | թարգմանիչ |
| Relationship | trl |
| 700 1# - ADDED ENTRY--PERSONAL NAME | |
| Personal name | Այվազյան, Հովհաննես |
| Relator term | խմբագիր |
| Relationship | edt |
| 9 (RLIN) | 3088 |
| 942 ## - ADDED ENTRY ELEMENTS (KOHA) | |
| Source of classification or shelving scheme | Universal Decimal Classification |
| Koha item type | Գրքեր / Books |
| Withdrawn status | Lost status | Source of classification or shelving scheme | Damaged status | Not for loan | Collection | Home library | Current library | Date acquired | Total checkouts | Full call number | Barcode | Date last seen | Copy number | Price effective from | Koha item type | Public note |
|---|---|---|---|---|---|---|---|---|---|---|---|---|---|---|---|---|
| Universal Decimal Classification | Reading Hall | Fundamental Scientific Library | Fundamental Scientific Library | 08/12/2017 | AIII/9102 | FL0468681 | 08/12/2017 | RH1-21/2/23 | 08/12/2017 | Գրքեր / Books | ILL Non-Circ. |
ՀՀ Գիտությունների ազգային ակադեմիայի հիմնարար գիտական գրադարան = Fundamental Scientific Library of NAS RA
All site content, except where otherwise noted, is licensed under a